Obrar mal, decir la verdad: función de la confesión en la justicia, curso de Lovaina, 1981
Salvato in:
| Autore principale: | |
|---|---|
| Altri autori: | |
| Natura: | Libro |
| Lingua: | spagnolo |
| Pubblicazione: |
Buenos Aires
Siglo Veintiuno
2014
|
| Edizione: | 1a. ed |
| Serie: | Biblioteca Clásica de Siglo Veintiuno
|
| Soggetti: | |
| Tags: |
Aggiungi Tag
Nessun Tag, puoi essere il primo ad aggiungerne!!
|
MARC
| LEADER | 00000cam a2200000 a 4500 | ||
|---|---|---|---|
| 001 | UCE2978 | ||
| 003 | CL-VaPUC | ||
| 005 | 20241127104741.0 | ||
| 008 | 140807e20140000ag |||||||||||||||||spa|d | ||
| 999 | |c 356492 |d 356490 | ||
| 020 | |a 9789876293709 | ||
| 040 | |c Pontificia Universidad Católica de Valparaíso | ||
| 082 | 0 | 4 | |a 190 |b FOU |2 21 |
| 100 | |a Foucault, Michel |e author |9 257945 | ||
| 245 | 1 | 0 | |a Obrar mal, decir la verdad: función de la confesión en la justicia, curso de Lovaina, 1981 |
| 250 | |a 1a. ed | ||
| 260 | |a Buenos Aires |b Siglo Veintiuno |c 2014 | ||
| 300 | |a 368 p | ||
| 490 | 0 | |a Biblioteca Clásica de Siglo Veintiuno | |
| 583 | |a last modification |c 20170512 12:57:17 |k Rodrigo Vera | ||
| 650 | 0 | |a Filosofía moderna |9 258121 | |
| 650 | 0 | |a Justicia |9 255408 | |
| 650 | 0 | |a Criminología |9 256168 | |
| 650 | 0 | |a Verdad |9 313815 | |
| 700 | 1 | |a Pons, Horacio |e traductor |9 864046 | |
| 942 | |c BK |2 ddc | ||
| 945 | |d 20140807 14:45:00 |a arojas | ||
| 952 | |0 0 |1 0 |3 erb |4 0 |6 190_000000000000000_FOU_2014 |7 0 |8 A |9 463867 |a BIBDER |b BIBDER |i 5093619 |o 190 FOU 2014 |p 5093619 |r 2023-01-25 |w 2019-11-23 |y BK |z Catalogado en:20140807 |k DER | ||
| 952 | |0 0 |1 0 |2 ddc |3 erb |4 0 |6 190_000000000000000_FOU_2014 |7 0 |8 A |9 463868 |a BIBING |b BIBING |i 5095743 |o 190 FOU 2014 |p 5095743 |r 2025-01-20 |w 2019-11-23 |y BK |z Catalogado en:20140829 |k GEO | ||
| 952 | |0 0 |1 0 |3 erb |4 0 |6 190_000000000000000_FOU_2014 |7 0 |8 R |9 463869 |a BIBEDU |b BIBEDU |c MCIRC |i 5115671 |o 190 FOU 2014 |p 5115671 |r 2023-01-13 |w 2019-11-23 |y BK_R |z Catalogado en:20140925 |k LIT | ||
| 952 | |0 0 |1 0 |3 erb |4 0 |6 190_000000000000000_FOU_2014 |7 0 |8 R |9 463870 |a BIBEDU |b BIBEDU |c MCIRC |i 547048K |l 2 |o 190 FOU 2014 |p 547048K |r 2023-01-13 |s 2022-06-03 |w 2019-11-23 |y BK_R |z Catalogado en:20180518 |k FIL | ||